00825nam a22001697a 4500008004100000020001800041050001900059100002200078245003800100250001200138260004600150300002500196440003500221500002000256505036100276650001800637140912b xxu||||| |||| 00| 0 eng d a9780199644353 aKD7869.P33(8e) aPadfield, Nicola. aCriminal law. /cNicola Padfield. a8th ed. aLondon :bOxford University Press,c2012. axxxiii, 380p.c23cm. aButterworths core text series. aIncludes index. aContents: Introduction -- The Conduct element of a crime -- Criminal states of mind -- Incapacitating conditions -- General defences -- Accomplices -- Inchoate offences -- Homicide -- Crimes of non-fatal violence -- Sexual offences -- Theft, fraud, and other property offences -- Criminal damage and public order offences -- Crimes against the environment. aCriminal law.